[Event "FICGS class C 000161 email"]
[Site "FICGS email"]
[Date "2011.11.09"]
[Round "1"]
[White "Medearis, John"]
[Black "Broniek, Mariusz Maciej"]
[Result "0-1"]
[WhiteElo "1817"]
[BlackElo "1923"]
[PlyCount "54"]
[EventDate "2011.??.??"]
[EventType "tourn (corr)"]
[EventRounds "1"]
[SourceTitle "Corr 2013"]
[Source "ChessBase"]
[SourceDate "2012.11.12"]
[SourceVersion "1"]
[SourceVersionDate "2012.11.12"]
[SourceQuality "1"]

1. d4 Nf6 2. Nc3 d5 3. Bg5 Nbd7 4. Nf3 h6 5. Bh4 e6 6. a3 a6 7. e3 c5 8. Bg3 Be7 9. Be2 b5 10. Ne5 Bb7 11. 0-0 0-0 12. Nxd7 Qxd7 13. dxc5 Bxc5 14. Be5 Qe7 15. h3 Rad8 16. Qd2 Nd7 17. Bg3 Nb6 18. b4 Nc4 19. Qe1 Bb6 20. a4 Bc6 21. axb5 axb5 22. Ra6 Qb7 23. Qa1 d4 24. exd4 Bxd4 25. Ra2 Bxg2 26. Qe1 Bxh3 27. Ra1 Qg2# 0-1

[Event "FICGS class C 000161 email"]
[Site "FICGS email"]
[Date "2011.11.09"]
[Round "1"]
[White "Meli, Cosimo Leonardo"]
[Black "Medearis, John"]
[Result "1-0"]
[WhiteElo "1970"]
[BlackElo "1817"]
[PlyCount "79"]
[EventDate "2011.??.??"]
[EventType "tourn (corr)"]
[EventRounds "1"]
[SourceTitle "Corr 2013"]
[Source "ChessBase"]
[SourceDate "2012.11.12"]
[SourceVersion "1"]
[SourceVersionDate "2012.11.12"]
[SourceQuality "1"]

1. e4 c5 2. Nf3 Nf6 3. e5 Nd5 4. Nc3 Nxc3 5. dxc3 Nc6 6. Bf4 d5 7. Qd2 e6 8. c4 Be7 9. Rd1 Qb6 10. c3 Qa5 11. cxd5 exd5 12. Qxd5 Be6 13. Qe4 Qxa2 14. Bb5 0-0 15. 0-0 Rad8 16. Bg5 Rxd1 17. Rxd1 Rd8 18. Re1 Bd5 19. Qh4 Bxg5 20. Nxg5 h6 21. Nxf7 Re8 22. Nxh6+ gxh6 23. Qxh6 Re6 24. Qg5+ Kf8 25. Qf5+ Kg7 26. Bd3 Ne7 27. Qg4+ Kf7 28. c4 Bc6 29. Qf4+ Kg7 30. Qg4+ Kf7 31. Qh5+ Kf8 32. Qh8+ Kf7 33. Be2 Ng6 34. Bh5 Be8 35. f4 Ke7 36. Qg7+ Bf7 37. f5 Rxe5 38. Rf1 Qxb2 39. Bxg6 Qd4+ 40. Kh1 1-0

[Event "FICGS no engines 01 email"]
[Site "FICGS email"]
[Date "2011.11.04"]
[Round "1"]
[White "Garcia, Javier N"]
[Black "Medearis, John"]
[Result "1-0"]
[WhiteElo "1578"]
[BlackElo "1789"]
[PlyCount "59"]
[EventDate "2011.??.??"]
[EventType "swiss (corr)"]
[EventRounds "1"]
[SourceTitle "Corr 2013"]
[Source "ChessBase"]
[SourceDate "2012.11.12"]
[SourceVersion "1"]
[SourceVersionDate "2012.11.12"]
[SourceQuality "1"]

1. e4 e5 2. Nf3 Nc6 3. Bb5 a6 4. Ba4 b5 5. Bb3 Nf6 6. d3 d6 7. Bg5 Be7 8. 0-0 0-0 9. Nc3 Be6 10. Bxe6 fxe6 11. a3 Rb8 12. b4 Nd4 13. Nxd4 Qd7 14. Nf3 h6 15. Bh4 c5 16. bxc5 dxc5 17. Nxe5 Qd6 18. Ng6 Kf7 19. Nxf8 Kxf8 20. e5 Qxe5 21. Bg3 Qxc3 22. Bxb8 Nd7 23. Bg3 Nb8 24. Bxb8 Qf6 25. Bg3 a5 26. Qf3 b4 27. Qxf6+ Bxf6 28. Rae1 Kf7 29. axb4 cxb4 30. Rb1 1-0

[Event "FICGS no engines 01 email"]
[Site "FICGS email"]
[Date "2011.11.04"]
[Round "1"]
[White "Harris, Ross"]
[Black "Medearis, John"]
[Result "1-0"]
[WhiteElo "1609"]
[BlackElo "1789"]
[PlyCount "51"]
[EventDate "2011.??.??"]
[EventType "swiss (corr)"]
[EventRounds "1"]
[SourceTitle "Corr 2013"]
[Source "ChessBase"]
[SourceDate "2012.11.12"]
[SourceVersion "1"]
[SourceVersionDate "2012.11.12"]
[SourceQuality "1"]

1. d4 d5 2. Nf3 Nc6 3. Bf4 f6 4. e3 Bg4 5. Be2 Qd7 6. Nbd2 0-0-0 7. c4 e5 8. dxe5 Qe6 9. Qa4 Nh6 10. cxd5 Qxd5 11. Bc4 Qa5 12. Qxa5 Nxa5 13. Be2 Be7 14. Nd4 a6 15. Rc1 Nf7 16. Bxg4+ Kb8 17. exf6 Bxf6 18. Bxc7+ Ka8 19. Bxd8 Rxd8 20. Rc8+ Ka7 21. Rxd8 Nxd8 22. Ke2 Nf7 23. b4 Nc6 24. Nxc6+ Kb6 25. Nd4 Nd6 26. Rc1 1-0

[Event "FICGS no engines 01 email"]
[Site "FICGS email"]
[Date "2011.11.04"]
[Round "1"]
[White "Medearis, John"]
[Black "Chang, Henk"]
[Result "1-0"]
[WhiteElo "1789"]
[BlackElo "1437"]
[PlyCount "23"]
[EventDate "2011.??.??"]
[EventType "swiss (corr)"]
[EventRounds "1"]
[SourceTitle "Corr 2013"]
[Source "ChessBase"]
[SourceDate "2012.11.12"]
[SourceVersion "1"]
[SourceVersionDate "2012.11.12"]
[SourceQuality "1"]

1. e4 d6 2. g3 e5 3. Nf3 Bg4 4. Bg2 Nf6 5. 0-0 Nc6 6. c3 Nxe4 7. d4 Nf6 8. Nbd2 Be7 9. Nc4 e4 10. Nh4 Bxd1 11. Rxd1 0-0 12. Nf5 1-0

[Event "FICGS class C 000181 email"]
[Site "FICGS email"]
[Date "2011.09.11"]
[Round "1"]
[White "Faust, Dieter"]
[Black "Medearis, John"]
[Result "0-1"]
[WhiteElo "1780"]
[BlackElo "1789"]
[PlyCount "54"]
[EventDate "2011.??.??"]
[EventType "tourn (corr)"]
[EventRounds "1"]
[SourceTitle "Corr 2013"]
[Source "ChessBase"]
[SourceDate "2012.11.12"]
[SourceVersion "1"]
[SourceVersionDate "2012.11.12"]
[SourceQuality "1"]

1. d4 d5 2. c4 e6 3. Nc3 Nf6 4. Nf3 Nc6 5. a3 Bd6 6. e3 Ne4 7. Qc2 Nxc3 8. Qxc3 0-0 9. Bd3 dxc4 10. Qxc4 e5 11. d5 Ne7 12. 0-0 c6 13. e4 Bg4 14. Qb3 cxd5 15. exd5 Bxf3 16. gxf3 Qd7 17. Re1 Nf5 18. Bxf5 Qxf5 19. Bd2 Rac8 20. Rac1 Rxc1 21. Rxc1 e4 22. fxe4 Qg4+ 23. Kf1 Qxe4 24. Re1 Qh1+ 25. Ke2 Qxh2 26. Qxb7 Rb8 27. Qxa7 Qh5+ 0-1

[Event "FICGS class C 000181 email"]
[Site "FICGS email"]
[Date "2011.09.11"]
[Round "1"]
[White "Medearis, John"]
[Black "Alvar, Juan"]
[Result "0-1"]
[WhiteElo "1789"]
[BlackElo "1633"]
[PlyCount "78"]
[EventDate "2011.??.??"]
[EventType "tourn (corr)"]
[EventRounds "1"]
[SourceTitle "Corr 2022"]
[Source "ChessBase"]
[SourceDate "2021.10.24"]
[SourceVersion "1"]
[SourceVersionDate "2021.10.24"]
[SourceQuality "1"]

1. e4 d6 2. Nc3 Nf6 3. Nf3 g6 4. Be2 c5 5. 0-0 Bg7 6. d4 cxd4 7. Nxd4 0-0 8. Be3 Nc6 9. Qd2 a6 10. Nxc6 bxc6 11. h3 Rb8 12. Rab1 c5 13. Rfd1 Bb7 14. e5 dxe5 15. Bxc5 Qc7 16. b4 Rfd8 17. Qe3 Ne8 18. Rxd8 Qxd8 19. Rd1 Qc7 20. Nd5 Bxd5 21. Rxd5 e6 22. Rd2 Nf6 23. Rd6 Nd5 24. Qd3 a5 25. c3 e4 26. Qc4 Nxc3 27. Bf1 axb4 28. Bxb4 Qxc4 29. Bxc4 Rxb4 30. Rd8+ Bf8 31. Rc8 Kg7 32. g3 Rb1+ 33. Kg2 Bb4 34. Ba6 Rb2 35. Bc4 e3 36. Ra8 Rxf2+ 37. Kg1 Ne4 38. Rd8 e2 39. Bxe2 Rxe2 0-1

[Event "FICGS class C 000181 email"]
[Site "FICGS email"]
[Date "2011.09.11"]
[Round "1"]
[White "Medearis, John"]
[Black "Cridland, Graham M"]
[Result "1-0"]
[WhiteElo "1789"]
[BlackElo "1682"]
[PlyCount "65"]
[EventDate "2011.??.??"]
[EventType "tourn (corr)"]
[EventRounds "1"]
[SourceTitle "Corr 2022"]
[Source "ChessBase"]
[SourceDate "2021.10.24"]
[SourceVersion "1"]
[SourceVersionDate "2021.10.24"]
[SourceQuality "1"]

1. d4 Nf6 2. Nf3 g6 3. c4 Bg7 4. Nc3 0-0 5. e4 d6 6. Be2 e5 7. dxe5 dxe5 8. Qxd8 Rxd8 9. Bg5 Re8 10. h3 c6 11. Be3 Nbd7 12. Bd3 Nf8 13. 0-0 N6d7 14. Rad1 Ne6 15. Bc2 Ndf8 16. Rd2 Bd7 17. Rfd1 Rad8 18. Bxa7 Bc8 19. Be3 Nd7 20. c5 Bf8 21. b4 b5 22. a4 bxa4 23. Bxa4 Nb8 24. Nd5 Bg7 25. b5 cxd5 26. exd5 Nf4 27. b6 Re7 28. d6 Re6 29. Bb5 Bd7 30. Bxd7 Rxd7 31. Rc2 Nc6 32. Rb1 e4 33. Ng5 1-0

[Event "FICGS class C 000177 email"]
[Site "FICGS email"]
[Date "2011.09.10"]
[Round "1"]
[White "Romanazzi, Dante"]
[Black "Medearis, John"]
[Result "0-1"]
[WhiteElo "1206"]
[BlackElo "1789"]
[PlyCount "48"]
[EventDate "2011.??.??"]
[EventType "tourn (corr)"]
[EventRounds "6"]
[SourceTitle "Corr 2022"]
[Source "ChessBase"]
[SourceDate "2021.10.24"]
[SourceVersion "1"]
[SourceVersionDate "2021.10.24"]
[SourceQuality "1"]

1. d4 d5 2. Bf4 Nf6 3. e3 c6 4. f3 e6 5. a3 Bd6 6. Bg5 Qa5+ 7. Qd2 Bc7 8. Qxa5 Bxa5+ 9. b4 Bb6 10. Bxf6 gxf6 11. Bd3 Nd7 12. Ne2 f5 13. 0-0 Nf6 14. Nbc3 Bd7 15. a4 a5 16. b5 c5 17. dxc5 Bxc5 18. Kf2 Rg8 19. Nd4 e5 20. Nb3 Bb4 21. Ne2 e4 22. fxe4 dxe4 23. Bc4 Rc8 24. c3 Rxc4 0-1

[Event "FICGS class C 000177 email"]
[Site "FICGS email"]
[Date "2011.06.04"]
[Round "1"]
[White "Grosdemange, David"]
[Black "Medearis, John"]
[Result "0-1"]
[WhiteElo "1663"]
[BlackElo "1626"]
[PlyCount "54"]
[EventDate "2011.??.??"]
[EventType "tourn (corr)"]
[EventRounds "6"]
[SourceTitle "Corr 2013"]
[Source "ChessBase"]
[SourceDate "2012.11.12"]
[SourceVersion "1"]
[SourceVersionDate "2012.11.12"]
[SourceQuality "1"]

1. d4 Nf6 2. Bg5 d5 3. Bxf6 exf6 4. e3 Be6 5. g3 Nc6 6. Bg2 Qd7 7. c4 Bg4 8. f3 Be6 9. cxd5 Bxd5 10. Nc3 Bb4 11. Nge2 Bc4 12. Kf2 0-0 13. a3 Bd6 14. b3 Ba6 15. Re1 f5 16. b4 Ne7 17. Qb3 c6 18. a4 b6 19. f4 Rfe8 20. b5 Bb7 21. Rec1 c5 22. Bxb7 Qxb7 23. a5 bxa5 24. Rxa5 Nc6 25. Ra6 Nb4 26. Rxd6 Nd3+ 27. Kg1 Qe7 0-1

[Event "FICGS class C 000174 email"]
[Site "FICGS email"]
[Date "2011.04.17"]
[Round "1"]
[White "Vollmer, Steve"]
[Black "Medearis, John"]
[Result "0-1"]
[WhiteElo "1617"]
[BlackElo "1600"]
[PlyCount "58"]
[EventDate "2011.??.??"]
[EventType "tourn (corr)"]
[EventRounds "4"]
[SourceTitle "Corr 2013"]
[Source "ChessBase"]
[SourceDate "2012.11.12"]
[SourceVersion "1"]
[SourceVersionDate "2012.11.12"]
[SourceQuality "1"]

1. Nf3 Nf6 2. c4 c5 3. g3 Nc6 4. Bg2 e5 5. Nc3 d6 6. 0-0 Be7 7. b3 0-0 8. Bb2 h6 9. d3 Bg4 10. h3 Be6 11. Qd2 Qd7 12. Kh2 Bd8 13. e3 Ba5 14. Ng1 d5 15. cxd5 Nxd5 16. Rfd1 Rad8 17. Nge2 Ndb4 18. Nc1 f5 19. Bxc6 Nxc6 20. f4 Rfe8 21. Qf2 Bf7 22. Qf3 Qe7 23. N1e2 exf4 24. exf4 Nd4 25. Nxd4 cxd4 26. Re1 Qxe1 27. Rxe1 Rxe1 28. Ne2 Bd5 29. Qh5 Rh1# 0-1

[Event "FICGS class C 000172 email"]
[Site "FICGS email"]
[Date "2011.03.14"]
[Round "1"]
[White "Lannoy, Jean Claude Albert"]
[Black "Medearis, John"]
[Result "1-0"]
[WhiteElo "1800"]
[BlackElo "1600"]
[PlyCount "93"]
[EventDate "2011.??.??"]
[EventType "tourn (corr)"]
[EventRounds "5"]
[SourceTitle "Corr 2013"]
[Source "ChessBase"]
[SourceDate "2012.11.12"]
[SourceVersion "1"]
[SourceVersionDate "2012.11.12"]
[SourceQuality "1"]

1. c4 e5 2. Nc3 Nf6 3. g3 d5 4. cxd5 Nxd5 5. Nf3 f6 6. Bg2 Nb6 7. d4 exd4 8. Nxd4 c5 9. Ndb5 a6 10. Qxd8+ Kxd8 11. Na3 Nc6 12. Nc2 Ke8 13. Be3 Be6 14. 0-0 Rc8 15. b3 Be7 16. Rfd1 Nd7 17. f4 Kf7 18. Bf2 g5 19. Nd5 Rhe8 20. Nce3 Kg7 21. Nxe7 Rxe7 22. f5 Bf7 23. Rac1 b6 24. Rd6 Nde5 25. Rcd1 g4 26. Kf1 h5 27. Be1 b5 28. Rxf6 Kxf6 29. Rd6+ Kg7 30. f6+ Kf8 31. fxe7+ Kxe7 32. Nf5+ Ke8 33. Bc3 c4 34. Rxc6 Rxc6 35. Bxe5 Rc5 36. Nd6+ Ke7 37. Nxf7 Kxf7 38. Bd4 Rf5+ 39. Ke1 cxb3 40. Be4 Rg5 41. axb3 b4 42. Kd2 Ra5 43. Kd3 Ra2 44. Bd5+ Kg6 45. e4 Ra5 46. Kc4 h4 47. e5 1-0

[Event "FICGS class C 000172 email"]
[Site "FICGS email"]
[Date "2011.03.14"]
[Round "1"]
[White "Medearis, John"]
[Black "Colarina, Floram"]
[Result "1-0"]
[WhiteElo "1600"]
[BlackElo "1625"]
[PlyCount "39"]
[EventDate "2011.??.??"]
[EventType "tourn (corr)"]
[EventRounds "5"]
[SourceTitle "Corr 2013"]
[Source "ChessBase"]
[SourceDate "2012.11.12"]
[SourceVersion "1"]
[SourceVersionDate "2012.11.12"]
[SourceQuality "1"]

1. d4 d5 2. c4 e6 3. Nc3 Bb4 4. e3 Nf6 5. Bd3 c5 6. Nf3 0-0 7. 0-0 b6 8. dxc5 Bxc5 9. cxd5 Nxd5 10. Qc2 h6 11. Rd1 Qe7 12. Nxd5 exd5 13. Bd2 Bg4 14. Bc3 Bxf3 15. gxf3 Qg5+ 16. Kh1 Qh5 17. Bh7+ Kh8 18. Rg1 Qxf3+ 19. Rg2 f6 20. Qg6 1-0

[Event "FICGS class C 000172 email"]
[Site "FICGS email"]
[Date "2011.03.14"]
[Round "1"]
[White "Medearis, John"]
[Black "Quanter, Kirsty"]
[Result "1-0"]
[WhiteElo "1600"]
[BlackElo "1635"]
[PlyCount "27"]
[EventDate "2011.??.??"]
[EventType "tourn (corr)"]
[EventRounds "5"]
[SourceTitle "Corr 2013"]
[Source "ChessBase"]
[SourceDate "2012.11.12"]
[SourceVersion "1"]
[SourceVersionDate "2012.11.12"]
[SourceQuality "1"]

1. c4 e5 2. Nc3 Bb4 3. g3 Bxc3 4. bxc3 d6 5. Bg2 Ne7 6. d4 Nbc6 7. Nf3 0-0 8. 0-0 f6 9. Rb1 b6 10. Re1 Qe8 11. Qc2 Qf7 12. Qa4 Na5 13. Nd2 Rb8 14. Bb2 1-0

[Event "FICGS class D 000166 email"]
[Site "FICGS email"]
[Date "2011.03.07"]
[Round "1"]
[White "Budnar, Milos"]
[Black "Medearis, John"]
[Result "0-1"]
[WhiteElo "1401"]
[BlackElo "1600"]
[PlyCount "66"]
[EventDate "2011.??.??"]
[EventType "tourn (corr)"]
[EventRounds "4"]
[SourceTitle "Corr 2013"]
[Source "ChessBase"]
[SourceDate "2012.11.12"]
[SourceVersion "1"]
[SourceVersionDate "2012.11.12"]
[SourceQuality "1"]

1. e4 e6 2. d4 d5 3. Nd2 Nf6 4. e5 Nfd7 5. Bd3 c5 6. c3 Nc6 7. Ne2 Qb6 8. Nf3 a5 9. Qa4 cxd4 10. Nexd4 Nc5 11. Qb5 Nxd3+ 12. Qxd3 Nxd4 13. Nxd4 Bc5 14. Qb5+ Qxb5 15. Nxb5 Ke7 16. 0-0 Bd7 17. a4 Rhc8 18. Be3 Bxe3 19. fxe3 Bxb5 20. axb5 Rc5 21. b4 Rxb5 22. Ra3 Ra6 23. bxa5 Raxa5 24. Rxa5 Rxa5 25. Rc1 b5 26. Kf2 Ra2+ 27. Kf3 Kd7 28. h4 Kc6 29. g3 h6 30. e4 Ra3 31. exd5+ Kxd5 32. Kf4 Kc4 33. Ke3 Rxc3+ 0-1

[Event "FICGS class D 000166 email"]
[Site "FICGS email"]
[Date "2011.03.07"]
[Round "1"]
[White "Medearis, John"]
[Black "Rezack, Thomas J"]
[Result "1-0"]
[WhiteElo "1600"]
[BlackElo "1530"]
[PlyCount "51"]
[EventDate "2011.??.??"]
[EventType "tourn (corr)"]
[EventRounds "4"]
[SourceTitle "Corr 2013"]
[Source "ChessBase"]
[SourceDate "2012.11.12"]
[SourceVersion "1"]
[SourceVersionDate "2012.11.12"]
[SourceQuality "1"]

1. d4 Nf6 2. c4 e5 3. dxe5 Ng4 4. Bf4 Nc6 5. Nf3 Bc5 6. e3 0-0 7. h3 Nh6 8. Nc3 Nf5 9. Be2 d6 10. exd6 Bxd6 11. Bxd6 Nxd6 12. c5 Nf5 13. Qxd8 Rxd8 14. g4 Nfe7 15. Rd1 Be6 16. Ng5 Bd7 17. f4 a6 18. Kf2 h6 19. Nf3 f6 20. Rd2 Be6 21. Rhd1 Kf7 22. f5 Rxd2 23. fxe6+ Kxe6 24. Rxd2 b5 25. cxb6 cxb6 26. Bc4+ 1-0